000
00286nam a2200121Ia 4500
008
240731s9999 xx 000 0 und d
022
_a
1540-6563
245
4
_a
The Historian
260
_b
Routledge
856
_u
https://www.tandfonline.com/loi/rhis20
942
_2
ddc
942
_c
TFEJ
999
_c
79921
_d
79921
945
_a
1
_b
Madushi Gamage
_c
1
_d
Madushi Gamage